<?xml version="1.0" encoding="UTF-8"?><?xml-stylesheet type="text/xsl" href="static/style.xsl"?><OAI-PMH xmlns="http://www.openarchives.org/OAI/2.0/" xmlns:xsi="http://www.w3.org/2001/XMLSchema-instance" xsi:schemaLocation="http://www.openarchives.org/OAI/2.0/ http://www.openarchives.org/OAI/2.0/OAI-PMH.xsd"><responseDate>2026-04-28T19:17:18Z</responseDate><request verb="GetRecord" identifier="oai:uvadoc.uva.es:10324/132" metadataPrefix="marc">https://uvadoc.uva.es/oai/request</request><GetRecord><record><header><identifier>oai:uvadoc.uva.es:10324/132</identifier><datestamp>2023-03-09T17:08:09Z</datestamp><setSpec>com_10324_30605</setSpec><setSpec>com_10324_894</setSpec><setSpec>col_10324_41</setSpec></header><metadata><record xmlns="http://www.loc.gov/MARC21/slim" xmlns:doc="http://www.lyncode.com/xoai" xmlns:xsi="http://www.w3.org/2001/XMLSchema-instance" xmlns:dcterms="http://purl.org/dc/terms/" xsi:schemaLocation="http://www.loc.gov/MARC21/slim http://www.loc.gov/standards/marcxml/schema/MARC21slim.xsd">
<leader>00925njm 22002777a 4500</leader>
<datafield tag="042" ind1=" " ind2=" ">
<subfield code="a">dc</subfield>
</datafield>
<datafield tag="720" ind1=" " ind2=" ">
<subfield code="a">Bogino, Stella Marys</subfield>
<subfield code="e">author</subfield>
</datafield>
<datafield tag="260" ind1=" " ind2=" ">
<subfield code="c">2008</subfield>
</datafield>
<datafield tag="520" ind1=" " ind2=" ">
<subfield code="a">La relación que existe entre el crecimiento de los árboles y el clima es esencial para aplicar y desarrollar estrategias forestales para mitigar el impacto del cambio climático. Se aplicaron distintas técnicas dendroclimatologicas para analizar la relación entre Pinus pinaster y Pinus sylvestris y las variables climáticas en los ambientes Mediterráneos. Los objetivos de esta tesis fueron: a) Analizar: a) La relación entre el ancho de los anillos de crecimiento y el clima; b) Los cambios en la asociación entre el clima y el crecimiento a través del tiempo; c)&#xd;
Los efectos de los pulsos de agua sobre el crecimiento de P. sylvestris; d) La potencialidad de las variaciones interanuales de la densidad como herramienta dendroclimatologica; e) La variabilidad del isótopo carbono trece en los anillos de crecimiento.</subfield>
</datafield>
<datafield tag="024" ind2=" " ind1="8">
<subfield code="a">http://uvadoc.uva.es/handle/10324/132</subfield>
</datafield>
<datafield tag="024" ind2=" " ind1="8">
<subfield code="a">b1535950</subfield>
</datafield>
<datafield tag="024" ind2=" " ind1="8">
<subfield code="a">10.35376/10324/132</subfield>
</datafield>
<datafield ind1=" " ind2=" " tag="653">
<subfield code="a">Mediterráneo, Región del-Clima</subfield>
</datafield>
<datafield ind1=" " ind2=" " tag="653">
<subfield code="a">Árboles-Crecimiento-Mediterráneo, Región del</subfield>
</datafield>
<datafield ind1=" " ind2=" " tag="653">
<subfield code="a">Ecología forestal-Mediterráneo, Región del</subfield>
</datafield>
<datafield ind1=" " ind2=" " tag="653">
<subfield code="a">Pino-Mediterráneo, Región del</subfield>
</datafield>
<datafield tag="245" ind1="0" ind2="0">
<subfield code="a">Climate and forest growth in Mediterranean environments: Pinus pinaster&#xd;
and Pinus sylvestris in Spain</subfield>
</datafield>
</record></metadata></record></GetRecord></OAI-PMH>